01158cam a2200325 a 450000100090000000300050000900500170001400800410003101000170007202000280008904000180011704300120013505000260014708200190017310000250019224500350021725000120025226000410026430000210030565000270032665000300035365000320038365000350041565000330045065000520048365500290053585600990056485600770066385600920074013175657Nust20170105101617.0030425s2003 nyu 000 1 eng  a 2003051846 a0345460030 (alk. paper) aDLCcDLCdDLC ae-gx---00aPS3602.E764bA83 200300a813.6221bBER1 aBerry, Steve,d1955-14aThe Amber Room /cSteve Berry. a1st ed. aNew York :bBallantine Books,c2003. a389 p. ;c25 cm. 0aWomen judgesvFiction. 0aDivorced peoplevFiction. 0aAmber art objectsvFiction. 0aArt treasures in warvFiction. 0aAmericanszGermanyvFiction. 0aWorld War, 1939-1945xArt and the warvFiction. 7aSuspense fiction.2gsafd423Contributor biographical informationuhttp://www.loc.gov/catdir/bios/random051/2003051846.html413Sample textuhttp://www.loc.gov/catdir/samples/random045/2003051846.html423Publisher descriptionuhttp://www.loc.gov/catdir/description/random0415/2003051846.html